| 000 | 00671nam a2200205 ar4500 | ||
|---|---|---|---|
| 001 | 3336 | ||
| 005 | 20221127090727.0 | ||
| 008 | 130608s xxk 0001f eng d | ||
| 020 | _a1853260401(pbk) | ||
| 082 | 0 | 4 |
_a843.7 _bD891 1993 |
| 100 | 1 |
_aDumas, Alexandre, _d1802-1870. |
|
| 245 | 1 | 4 |
_aThe three musketeers / _cAlexandre Dumas ; with an introduction and notes by Keith Wren. |
| 260 |
_aWare, Hertfordshire : _bWordsworth Classics, _c1993. |
||
| 300 |
_axxviii, 564 p. ; _c20 cm. |
||
| 504 | _aIncludes bibl. references. | ||
| 650 | 4 |
_aFrench fiction _y19th century. |
|
| 650 | 4 |
_aSwordsmen _vFiction. |
|
| 650 | 4 | _aHistorical fiction. | |
| 650 | 4 | _aAdventure stories. | |
| 999 |
_c3334 _d3334 |
||